MARC

LEADER 00000nam0a2200000 4500
001 253025
005 20231101232814.0
035 |a (RuTPU)RU\TPU\book\275405 
035 |a RU\TPU\book\275388 
090 |a 253025 
100 |a 20140311d1971 m y0rusy50 ca 
101 0 |a rus 
102 |a RU 
105 |a a j 000zy 
200 1 |a Общая химия  |e учебное пособие  |f В. Е. Майорова, А. А. Макареня, М. М. Висневская  |g Северо-Западный заочный политехнический институт (СЗПИ) 
210 |a Ленинград  |c Изд-во СЗПИ  |d 1971 
215 |a 176 с.  |c ил. 
606 1 |a Химия общая  |2 stltpush  |3 (RuTPU)RU\TPU\subj\67862  |9 83510 
610 1 |a учебные пособия 
610 1 |a химические процессы 
610 1 |a химические растворы 
610 1 |a электрохимия 
610 1 |a периодический закон Менделеева 
610 1 |a атомы 
610 1 |a химическое строение 
610 1 |a органическая химия 
675 |a 54(075.8)  |v 3 
700 1 |a Майорова  |b В. Е. 
701 1 |a Макареня  |b А. А. 
701 1 |a Висневская  |b М. М. 
712 0 2 |a Северо-Западный заочный политехнический институт (СЗПИ)  |c (Ленинград)  |2 stltpush  |3 (RuTPU)RU\TPU\col\2602 
801 1 |a RU  |b 63413507  |c 20140311 
801 2 |a RU  |b 63413507  |c 20140327  |g RCR 
942 |c BK